<?xml version="1.0" encoding="UTF-8"?>
<record
    xmlns:xsi="http://www.w3.org/2001/XMLSchema-instance"
    xsi:schemaLocation="http://www.loc.gov/MARC21/slim http://www.loc.gov/standards/marcxml/schema/MARC21slim.xsd"
    xmlns="http://www.loc.gov/MARC21/slim">

  <leader>00877    a2200265   4500</leader>
  <controlfield tag="003">IN-BaIIA</controlfield>
  <controlfield tag="005">20251204121533.0</controlfield>
  <controlfield tag="008">251204b        |||||||| |||| 00| 0 eng d</controlfield>
  <datafield tag="020" ind1=" " ind2=" ">
    <subfield code="a">978-981-97-8886-6</subfield>
  </datafield>
  <datafield tag="040" ind1=" " ind2=" ">
    <subfield code="c">IIA Library</subfield>
  </datafield>
  <datafield tag="080" ind1=" " ind2=" ">
    <subfield code="a">524.882</subfield>
    <subfield code="b">PRI</subfield>
  </datafield>
  <datafield tag="245" ind1=" " ind2=" ">
    <subfield code="a">Primordial black holes</subfield>
    <subfield code="c">edited by Christian Byrnes, Gabriele Franciolini, Tomohiro Harada, Paolo Pani and Misao Sasaki</subfield>
  </datafield>
  <datafield tag="260" ind1=" " ind2=" ">
    <subfield code="a">Singapore</subfield>
    <subfield code="b">Springer</subfield>
    <subfield code="c">2025</subfield>
  </datafield>
  <datafield tag="300" ind1=" " ind2=" ">
    <subfield code="a">xxvi, 706p.</subfield>
  </datafield>
  <datafield tag="490" ind1=" " ind2=" ">
    <subfield code="a">Springer series in astrophysics and cosmology</subfield>
  </datafield>
  <datafield tag="650" ind1=" " ind2=" ">
    <subfield code="a">Astrophysics and Astroparticles</subfield>
    <subfield code="9">18344</subfield>
  </datafield>
  <datafield tag="650" ind1=" " ind2=" ">
    <subfield code="a">Cosmology</subfield>
  </datafield>
  <datafield tag="650" ind1=" " ind2=" ">
    <subfield code="a">Gravitation</subfield>
  </datafield>
  <datafield tag="700" ind1=" " ind2=" ">
    <subfield code="a">Byrnes, Christian </subfield>
    <subfield code="e">ed.</subfield>
    <subfield code="9">49306</subfield>
  </datafield>
  <datafield tag="700" ind1=" " ind2=" ">
    <subfield code="a">Franciolini, Gabriele </subfield>
    <subfield code="e">ed.</subfield>
    <subfield code="9">49307</subfield>
  </datafield>
  <datafield tag="700" ind1=" " ind2=" ">
    <subfield code="a">Harada, Tomohiro </subfield>
    <subfield code="e">ed.</subfield>
    <subfield code="9">49308</subfield>
  </datafield>
  <datafield tag="700" ind1=" " ind2=" ">
    <subfield code="a">Pani, Paolo </subfield>
    <subfield code="e">ed.</subfield>
    <subfield code="9">49309</subfield>
  </datafield>
  <datafield tag="700" ind1=" " ind2=" ">
    <subfield code="a">Sasaki, Misao </subfield>
    <subfield code="e">ed.</subfield>
    <subfield code="9">49310</subfield>
  </datafield>
  <datafield tag="942" ind1=" " ind2=" ">
    <subfield code="2">udc</subfield>
    <subfield code="c">BK</subfield>
  </datafield>
  <datafield tag="999" ind1=" " ind2=" ">
    <subfield code="c">36127</subfield>
    <subfield code="d">36127</subfield>
  </datafield>
  <datafield tag="952" ind1=" " ind2=" ">
    <subfield code="0">0</subfield>
    <subfield code="1">0</subfield>
    <subfield code="2">ddc</subfield>
    <subfield code="4">0</subfield>
    <subfield code="7">0</subfield>
    <subfield code="a">BAN</subfield>
    <subfield code="b">BAN</subfield>
    <subfield code="c">GEN</subfield>
    <subfield code="d">2025-12-02</subfield>
    <subfield code="e">37</subfield>
    <subfield code="g">14462.37</subfield>
    <subfield code="l">0</subfield>
    <subfield code="o">524.882/ PRI</subfield>
    <subfield code="p">20987</subfield>
    <subfield code="r">2025-12-03</subfield>
    <subfield code="v">14462.37</subfield>
    <subfield code="w">2025-12-03</subfield>
    <subfield code="y">BK</subfield>
    <subfield code="G"></subfield>
  </datafield>
</record>
